Cryomicroscopy and radiation damage
সংরক্ষণ করুন:
| প্রধান লেখক: | |
|---|---|
| বিন্যাস: | গ্রন্থ |
| ভাষা: | ইংরেজি |
| প্রকাশিত: |
Amsterdam
North-Holland Publishing Company
1982
|
| বিষয়গুলি: | |
| ট্যাগগুলো: |
ট্যাগ যুক্ত করুন
কোনো ট্যাগ নেই, প্রথমজন হিসাবে ট্যাগ করুন!
|
MARC
| LEADER | 00000cam a2200000 a 4500 | ||
|---|---|---|---|
| 001 | UCG7992 | ||
| 003 | CL-VaPUC | ||
| 005 | 20231010145326.0 | ||
| 008 | 111104e19820000ne 1 eng d | ||
| 082 | 0 | 4 | |a 530.141 |b ZEI |2 21 |
| 100 | 1 | |a Zeitler, Elmar |e author |9 621786 | |
| 245 | 1 | 0 | |a Cryomicroscopy and radiation damage |
| 260 | |a Amsterdam |b North-Holland Publishing Company |c 1982 | ||
| 300 | |a 177 p | ||
| 583 | |a last modification |c 20190908 07:50:38 |k Rodrigo Vera | ||
| 650 | 0 | 0 | |a Física |9 227844 |
| 650 | 0 | 7 | |a ELECTRONES |2 CL-VaPUC |9 322158 |
| 650 | 0 | 7 | |a FISICA DEL ELECTRON |2 CL-VaPUC |9 349873 |
| 650 | 0 | 0 | |a partículas elementales |9 349874 |
| 942 | |c BK | ||
| 945 | |a dcastane |d 20111104 00:00:00 | ||
| 546 | |a En Inglés | ||
| 536 | |a Fritz Thyssen Foundation | ||
| 536 | |a Max Planck Society | ||
| 518 | |p International Study Group for Cryo Electron Microscopy Workshop Schloss Ringberg Am Tegernsee, 1, Amsterdam, 9-14 de noviembre de 1981 | ||
| 999 | |c 384627 |d 384625 | ||
| 952 | |0 0 |1 0 |4 0 |6 530_141000000000000_ZEI_1982 |7 0 |8 A |9 507473 |a BIBCUR |b BIBCUR |d 2020-01-23 |i 4793811 |o 530.141 ZEI 1982 |p 4793811 |r 2025-04-22 |w 2020-01-23 |y BK |k BCB | ||